| 000 | 00540nam a22002057a 4500 | ||
|---|---|---|---|
| 999 |
_c478865 _d478865 |
||
| 003 | NUST | ||
| 005 | 20180808111031.0 | ||
| 008 | 180808b ||||| |||| 00| 0 eng d | ||
| 020 | _a9780750697170 | ||
| 022 | _a9780750697170 | ||
| 038 | _a0 | ||
| 050 | _a363.284 | ||
| 082 | _a363.284 | ||
| 100 |
_aNicholson,Larry Gene. _912272 |
||
| 245 |
_aInstructor Development Training. _cLarry Gene Nicholson. |
||
| 260 |
_aNew Delhi. _bButterworth-Heinemann. _c1997. |
||
| 300 | _a210p. | ||
| 500 | _aHard Cover. | ||
| 942 |
_2ddc _cBK _k363.284 |
||